Compendio de psiquiatría / (Record no. 65252)

MARC details
000 -LEADER
campo de control de longitud fija 00875nam a2200277 i 4500
001 - NÚMERO DE CONTROL
campo de control 65252
003 - IDENTIFICADOR DE NÚMERO DE CONTROL
campo de control ES-MaACL
005 - FECHA Y HORA DE LA ÚLTIMA TRANSACCIÓN
campo de control 20250811100108.0
007 - CAMPO FIJO DE DESCRIPCIÓN FÍSICA--INFORMACIÓN GENERAL
campo de control de longitud fija t|
008 - DATOS DE LONGITUD FIJA--INFORMACIÓN GENERAL
campo de control de longitud fija 040109s1984 sp ||||1| spa d
020 ## - NÚMERO INTERNACIONAL ESTÁNDAR DEL LIBRO
Número Internacional Estándar del Libro 84-345-1349-8
100 1# - ENTRADA PRINCIPAL--NOMBRE DE PERSONA
Nombre de persona Freedman, Alfred M.
9 (RLIN) 52418
245 10 - MENCIÓN DEL TÍTULO
Título Compendio de psiquiatría /
Mención de responsabilidad, etc. Alfred M. Freedman, Harold I. Kaplan, Benjamin J. Sadock ; traducción española por Jorge Freixas y Antonia Grimalt.
250 ## - MENCION DE EDICION
Mención de edición 1ª ed. reimp.
260 ## - PUBLICACIÓN, DISTRIBUCIÓN, ETC.
Lugar de publicación, distribución, etc. Barcelona :
Nombre del editor, distribuidor, etc. Salvat,
Fecha de publicación, distribución, etc. 1984.
300 ## - DESCRIPCIÓN FÍSICA
Extensión 919 p. :
Otras características físicas il. ;
Dimensiones 27 cm.
500 ## - NOTA GENERAL
Nota general Indice.
504 ## - NOTA DE BIBLIOGRAFÍA, ETC.
Nota de bibliografía, etc. Bibliografía.
650 07 - PUNTO DE ACCESO ADICIONAL DE MATERIA--TÉRMINO DE MATERIA
Término de materia o nombre geográfico como elemento de entrada Psiquiatría
Fuente del encabezamiento o término embne
9 (RLIN) 16586
700 1# - ENTRADA AGREGADA--NOMBRE PERSONAL
Nombre de persona Kaplan, Harold I.
9 (RLIN) 67516
700 1# - ENTRADA AGREGADA--NOMBRE PERSONAL
Nombre de persona Sadock, Benjamin J.
9 (RLIN) 101284
700 1# - ENTRADA AGREGADA--NOMBRE PERSONAL
Nombre de persona Freixas, Jorge.
9 (RLIN) 52484
700 1# - ENTRADA AGREGADA--NOMBRE PERSONAL
Nombre de persona Grimalt, Antonia.
9 (RLIN) 60046
852 ## - LOCALIZACIÓN
Ubicación ES-MaACL
Número de control de estantería F-12487
Holdings
Estatus retirado Estado de pérdida Estado de daño No para préstamo Biblioteca de origen Biblioteca actual Ubicación en estantería Fecha de adquisición Fuente de adquisición Total de préstamos Signatura topográfica completa Código de barras Visto por última vez Precio de reemplazo Tipo de ítem Koha
        Biblioteca del Ateneo de Madrid Biblioteca del Ateneo de Madrid Sala Pecera Planta 2 17/01/2008     F-12487 1068364 23/02/2023 23/02/2023 Libro impreso